Online Catalogue and eLibrary

A Second book of English Idioms (Record no. 5917)

MARC details
000 -LEADER
fixed length control field 00662nam a22001577a 4500
005 - DATE AND TIME OF LATEST TRANSACTION
control field 20240814012409.0
008 - FIXED-LENGTH DATA ELEMENTS--GENERAL INFORMATION
fixed length control field 240814b |||||||| |||| 00| 0 eng d
020 ## - INTERNATIONAL STANDARD BOOK NUMBER
ISBN 0002190052
082 ## - DDC Classification
DDC Edition Number 22
Class No. 407
Item Number - Author Mark COL
100 ## - MAIN ENTRY--PERSONAL NAME
Personal name Collins. V.H.
245 ## - TITLE STATEMENT
Title A Second book of English Idioms
Remainder of title With Explanations
260 ## - PUBLICATION, DISTRIBUTION, ETC.
Place of publication, distribution, etc. Madras
Name of publisher, distributor, etc. Orient Longman Ltd
Date of publication, distribution, etc. 1958
300 ## - PHYSICAL DESCRIPTION
Extent (e.g. Volumes, Pages etc.) x, 256 p .,
500 ## - GENERAL NOTE
General note For the title the word English has been kept, al-though a number of foreign, especially French and Latin phrases, are included, because, with their adoption in ordinary English speaking and writing, they can be regarded as virtually an element of our language
942 ## - Koha item type (Biblio)
Koha item type Books in Stacks (Lending)
Holdings
Lost status Damaged status Collection code Home library Current library Date acquired Full call number Accession Number Item type
    Lending WERC Library WERC Library 08/14/2024 407 COL 710 Books in Stacks (Lending)

© WERC Library